<?xml version="1.0" encoding="UTF-8"?><?xml-stylesheet type="text/xsl" href="static/style.xsl"?><OAI-PMH xmlns="http://www.openarchives.org/OAI/2.0/" xmlns:xsi="http://www.w3.org/2001/XMLSchema-instance" xsi:schemaLocation="http://www.openarchives.org/OAI/2.0/ http://www.openarchives.org/OAI/2.0/OAI-PMH.xsd"><responseDate>2026-06-02T10:22:21Z</responseDate><request verb="GetRecord" identifier="oai:riuma.uma.es:10630/37794" metadataPrefix="marc">https://riuma.uma.es/rest/oai/request</request><GetRecord><record><header><identifier>oai:riuma.uma.es:10630/37794</identifier><datestamp>2026-02-03T11:26:31Z</datestamp><setSpec>com_10630_2254</setSpec><setSpec>col_10630_37953</setSpec></header><metadata><record xmlns="http://www.loc.gov/MARC21/slim" xmlns:dcterms="http://purl.org/dc/terms/" xmlns:doc="http://www.lyncode.com/xoai" xmlns:xsi="http://www.w3.org/2001/XMLSchema-instance" xsi:schemaLocation="http://www.loc.gov/MARC21/slim http://www.loc.gov/standards/marcxml/schema/MARC21slim.xsd">
   <leader>00925njm 22002777a 4500</leader>
   <datafield ind2=" " ind1=" " tag="042">
      <subfield code="a">dc</subfield>
   </datafield>
   <datafield ind2=" " ind1=" " tag="720">
      <subfield code="a">Gutiérrez-Sánchez, Daniel</subfield>
      <subfield code="e">author</subfield>
   </datafield>
   <datafield ind2=" " ind1=" " tag="720">
      <subfield code="a">Gómez García, Rafael</subfield>
      <subfield code="e">author</subfield>
   </datafield>
   <datafield ind2=" " ind1=" " tag="720">
      <subfield code="a">López-Medina, Isabel María</subfield>
      <subfield code="e">author</subfield>
   </datafield>
   <datafield ind2=" " ind1=" " tag="720">
      <subfield code="a">Cuesta-Vargas, Antonio</subfield>
      <subfield code="e">author</subfield>
   </datafield>
   <datafield ind2=" " ind1=" " tag="260">
      <subfield code="c">2019-04-03</subfield>
   </datafield>
   <datafield ind2=" " ind1=" " tag="520">
      <subfield code="a">Introduction: The prevention and relief of suffering are regarded as a goal at the end of life; therefore, suffering assessment at the end of life is essential. In this regard, we need instruments that allow us to evaluate this construct for gathering more evidence, as the assessment of suffering is increasingly used in research and the clinical setting. Many measures have been designed to assess this construct, and the selection of the most appropriate instrument is crucial. The aims of this systematic review are to (1) identify the measures assessing suffering in patients with advanced disease and their psychometric properties and (2) evaluate the methodological quality of studies on measurement properties.&#xd;
Methods and analysis: The protocol of this systematic review was developed using the Preferred Reporting Items for Systematic Reviews and Meta-Analyses Protocols Guidelines. A systematic psychometric review of measures assessing suffering in patients with advanced disease and their psychometric properties will be carried out according to the COnsensus-based Standards for the selection of health status Measurement INstruments (COSMIN). The search strategy will be performed following the Peer Review of Electronic Search Strategies. Searches will be conducted in Cumulative Index to Nursing and Allied Health Literature, Medline, PsycINFO, Cochrane Library, SciELO, Open Grey, Scopus, Web of Science and COSMIN database of systematic reviews, and it will be limited by time (1980-2018) and language (only literature in English and Spanish). Literature will be evaluated by two independent reviewers according to the COSMIN checklist, and measurement properties data of each study that meet the inclusion criteria will be scored independently by two researchers according to COSMIN quality ratings.</subfield>
   </datafield>
   <datafield ind1="8" ind2=" " tag="024">
      <subfield code="a">Gutiérrez Sánchez D, Gómez García R, López-Medina IM, Cuesta-Vargas AI. Suffering measurement instruments in palliative care: protocol for a systematic psychometric review. BMJ Open. 2019 Apr 3;9(4):e027524. doi: 10.1136/bmjopen-2018-027524. PMID: 30948616; PMCID: PMC6500222.</subfield>
   </datafield>
   <datafield ind1="8" ind2=" " tag="024">
      <subfield code="a">https://hdl.handle.net/10630/37794</subfield>
   </datafield>
   <datafield ind1="8" ind2=" " tag="024">
      <subfield code="a">10.1136/bmjopen-2018-027524</subfield>
   </datafield>
   <datafield tag="653" ind2=" " ind1=" ">
      <subfield code="a">Dolor</subfield>
   </datafield>
   <datafield tag="653" ind2=" " ind1=" ">
      <subfield code="a">Tratamiento paliativo</subfield>
   </datafield>
   <datafield tag="653" ind2=" " ind1=" ">
      <subfield code="a">Cuidados terminales</subfield>
   </datafield>
   <datafield tag="653" ind2=" " ind1=" ">
      <subfield code="a">Revisiones sistemáticas (Medicina)</subfield>
   </datafield>
   <datafield ind2="0" ind1="0" tag="245">
      <subfield code="a">Suffering measurement instruments in palliative care: protocol for a systematic psychometric review.</subfield>
   </datafield>
</record>
</metadata></record></GetRecord></OAI-PMH>